=LDR 00000nam 2200000 4500 =001 INLIS000000000016284 =005 20130612111545 =008 ***********************************Ind** =035 ##$$0010-061300000016284 =041 ##$$a Ind =082 ##$$a 595.384 4 =090 ##$$a 595.384 4, Oda k =100 ##$$a Oda, Hidetomo =245 ##$$a Kelomang, Hidetomo Oda ; alih bahasa, Eva Delima S =250 ##$$a seri misteri alam =260 ##$$a 1996 $b Jakarta =300 ##$$a 32 hlm., ilus, 23 cm =650 ##$$a Kelomang =700 ##$$a Delima S, Eva =850 ##$$a NBPNMAT